Spis ludności parafii Borzyszkowy w powiecie człuchowskim z 1662 roku
| Titel: | Spis ludności parafii Borzyszkowy w powiecie człuchowskim z 1662 roku |
|---|---|
| Verfasser: | |
| In: |
Borzyszkowy i Borzyszkowscy ; 6. Tuchomie, (1999), Seite 25-42 alle Artikel anzeigen |
| Veröffentlicht: | 1999 |
| Format: | Aufsatz |
| Sprache: | Polnisch |
X
alg: 39349666 001A $01999:12-11-16 001B $01999:28-04-21 $t19:32:13.000 001D $01999:12-11-16 001U $0utf8 001X $00 002@ $0Aox 003@ $039349666X 007A $039349666X $aHEB 007T $0Herdt13663 010@ $apol 011@ $a1999 021A $aSpis ludności parafii Borzyszkowy w powiecie człuchowskim z 1662 roku 027A $aDie Volkszählung der Pfarrgemeinde Borczyskowo im Schlochauer Kreis aus dem Jahre 1662 028A $aKowalkowski $dJacek 031A $h25-42 $j1999 039B $aIn $8--Afu--. Borzyszkowy i Borzyszkowscy ; 6. Tuchomie. - Gdańsk, 1999. - 374 S.. - Ill.. - ISBN 83-87258-25-3 $x199900000000000975 $9089573560 045F $a304.6094382 $eDDC23BSB 045F/01 $a304.609 045F/03 $g4382 045F/03 $g43832 046C $aDie Volkszählung der Pfarrgemeinde Borczyskowo im Schlochauer Kreis aus dem Jahre 1662 $bÜbers. des Hauptsacht. lok: 39349666 78 exp: 39349666 78 1 #EPN 201B/01 $018-11-16 $t09:00:42.000 201U/01 $0utf8 203@/01 $0789607107 208@/01 $a12-11-16 $be 209A/01 $a/ $f000 $x00 220C/01 $aTitelaufnehmer: uz;gk 220C/01 $aHerkunft: UMK/BU Toruń 244Z/01 $2Trx $#Prusy Wschodnie i Zachodnie $8--Trx--Ost- und Westpreußen $x01 $939113373X 244Z/01 $2Trx $#Borczyskowo Konitz $#Bergfried* $8--Trx--Borzyszkowy$gChojnice $x02 $9391256343 244Z/01 $aGeschichte 1662 $x03 244Z/01 $2Trx $#rahvastik liikumine ja struktuur $#gyventojai $#population migration, social stratification of the population $#népesség mozgalom és struktúra $#ludność ruch naturalny i struktura $#obyvateľstvo pohyb a štruktúra obyvateľstva $#obyvatelstvo pohyb a struktura obyvatelstva $#Sozialstruktur $#struktura społeczna $8--Trx--Bevölkerung$gBewegung und Struktur $x04 $9391372521 244Z/01 $2Trx $#kašuubid $#kašubai $#kaschubs $#kasubok $#Kaszubi $#Kašubovia $#Kašubové $#Kabatker $#Kabatkowie $8--Trx--Kaschuben $x05 $9391361384 244Z/01 $2Trx $#elanike nimistud $#gyventojų surašymai $#lists of inhabitants $#népességi nyilvántartások $#spisy mieszkańców $#zoznamy obyvateľov $#seznamy obyvatel $8--Trx--Einwohnerverzeichnisse $x06 $9391384120 244Z/01 $2Trx $8--Trx--Einzelbeiträge $x07 $9391384570 245Z/01 $a13.03 $x01 245Z/01 $a08.01 $x02 247C/01 $82080>Marburg/Lahn, Herder-Institut, Forschungsbibliothek, Bibliographieportal $9336309341
| LEADER | 00000caa a22000002c 4500 | ||
|---|---|---|---|
| 001 | 39349666X | ||
| 003 | DE-603 | ||
| 005 | 20210428193213.0 | ||
| 007 | tu | ||
| 008 | 161112s1999 xx |||| | u00||u|pol c | ||
| 035 | |a (DE-599)HEB39349666X | ||
| 040 | |a DE-603 |b ger |c DE-603 |d DE-603 | ||
| 041 | |a pol | ||
| 082 | 0 | 4 | |8 1\u |a 304.6094382 |q DE-101 |2 23/BSB |
| 085 | |8 1\u |b 304.609 | ||
| 085 | |8 1\u |z 2 |s 4382 | ||
| 085 | |8 1\u |z 2 |s 43832 | ||
| 100 | 1 | |a Kowalkowski, Jacek | |
| 245 | 0 | 0 | |a Spis ludności parafii Borzyszkowy w powiecie człuchowskim z 1662 roku |
| 246 | 1 | |i Übers. des Hauptsacht. |a Die Volkszählung der Pfarrgemeinde Borczyskowo im Schlochauer Kreis aus dem Jahre 1662 | |
| 246 | 1 | 3 | |a Die Volkszählung der Pfarrgemeinde Borczyskowo im Schlochauer Kreis aus dem Jahre 1662 |
| 264 | 0 | |c 1999 | |
| 773 | 0 | 8 | |i In |t Borzyszkowy i Borzyszkowscy ; 6. Tuchomie |d Gdańsk, 1999 |h 374 S., Ill. |z 8387258253 |g (1999), Seite 25-42 |w (DE-603)089573560 |
| 924 | 0 | |9 2080 |a (DE-603)789607107 |b DE-2080 |c HES |d d |g / | |


